Malo by sa

Bibliographic Details
Main Author: Hlušíková, Marta, 1952- (Author)
Other Authors: Kellenberger, Martin, 1957- (Illustrator)
Format: Article
Language:Slovak
ISSN:0139-8962
Subjects:

MARC

LEADER 00000nab a2200000 a 4500
001 vtls000613061
003 SK-MaSNL
005 20260303014447.0
008 160314c xo 0 slo
015 |a SNBRB19rr/mm-uuuuu 
035 |a CL0613200 
040 |a SNKBUCL  |b slo  |c SNKBUCL  |e AACR2 
041 0 |a slo 
044 |a xo  |c SK 
080 |a 885.4-1(087.5)  |2 1981 
100 1 |a Hlušíková, Marta,  |d 1952-  |4 aut  |9 88319 
245 1 0 |a Malo by sa  |c Marta Hlušíková ; Ilustr. Martin Kellenberger 
650 0 7 |a rečňovanky  |2 snkbucl  |9 278360 
700 1 |a Kellenberger, Martin,  |d 1957-  |4 ill  |9 90777 
773 0 |x 0139-8962  |t Zornička  |g Roč. 49 (59), č. 5 (1997), s. 4 
850 |a Slovenská národná knižnica v Martine  |a MTA001 
852 |a SNK  |b KIS3GCP 
958 |a LX 
958 |a SK 
958 |a RK 
958 |a RBX 
999 |c 1607813  |d 1609743